|
|
|
|
| LEADER |
01471nam a22003017a 4500 |
| 001 |
35041 |
| 003 |
BD-DhAAL |
| 005 |
20250622094329.0 |
| 008 |
190804r20181998bg 000 1 ben d |
| 020 |
|
|
|a 9789844043572
|
| 040 |
|
|
|a BD-DhAAL
|
| 041 |
0 |
|
|a ben
|
| 082 |
0 |
0 |
|a 891.44371
|2 23
|
| 100 |
1 |
|
|a রায়হান, জহির.
|9 10944
|
| 245 |
1 |
0 |
|a হাজার বছর ধরে /
|c জহির রায়হান.
|
| 246 |
|
|
|a Hazar bachhor dhorey
|
| 260 |
|
|
|a ঢাকা :
|b অনুপম প্রকাশনী,
|c ১৯৯৮ [ষষ্ঠ মুদ্রণ ২০১৮].
|
| 300 |
|
|
|a ৬৪ পৃষ্ঠা ;
|c ২২ সে.মি.
|
| 500 |
|
|
|a Novel
|
| 526 |
|
|
|a AAL
|
| 541 |
1 |
|
|a Development Book Agency
Complimentary copy from Publisher(Anupam prakashani37587)
|e 35041, 37587
|
| 600 |
|
|
|a Raihan, Zahir,
|d 1935-1972.
|9 33162
|
| 651 |
|
|
|a Bangladesh
|x Fiction
|9 33163
|
| 852 |
|
|
|a Ayesha Abed Library
|c General Stacks
|
| 942 |
|
|
|2 ddc
|c BK
|
| 999 |
|
|
|c 41013
|d 41013
|
| 952 |
|
|
|0 0
|1 0
|2 ddc
|4 0
|6 891_443710000000000_RAI
|7 0
|9 65889
|a BRACUL
|b BRACUL
|c GEN
|d 2019-07-24
|e Development Book Agency
|g 88.00
|l 19
|m 108
|o 891.44371 RAI
|p 3010035041
|q 2026-06-02
|r 2026-04-11
|s 2026-04-11
|t 1
|v 88.00
|w 2019-07-24
|y BK
|
| 952 |
|
|
|0 0
|1 0
|2 ddc
|4 0
|6 891_443710000000000_RAI
|7 0
|9 69542
|a BRACUL
|b BRACUL
|c GEN
|d 2021-12-08
|e Complimentary copy from Publisher(Anupam prakashani)
|g 100.00
|l 16
|m 64
|o 891.44371 RAI
|p 3010037587
|q 2026-06-02
|r 2026-04-19
|s 2026-04-19
|t 2
|w 2021-12-08
|y BK
|